00218nam a2200097Ia 4500008004100000100001400041245003200055260000900087942000700096999001700103190216s9999||||xx |||||||||||||| ||und|| aNagavalli 0aThiranjedutha Kathakal No-8 bNull cBK c24322d24322